<?xml version="1.0" encoding="UTF-8"?>
<collection xmlns="http://www.loc.gov/MARC21/slim">
 <record>
  <leader>01586nam a2200229Ia 4500</leader>
  <controlfield tag="001">CTU_102466</controlfield>
  <controlfield tag="008">210402s9999    xx            000 0 und d</controlfield>
  <datafield tag="020" ind1=" " ind2=" ">
   <subfield code="c">289.95</subfield>
  </datafield>
  <datafield tag="082" ind1=" " ind2=" ">
   <subfield code="a">664.93</subfield>
  </datafield>
  <datafield tag="082" ind1=" " ind2=" ">
   <subfield code="b">P876</subfield>
  </datafield>
  <datafield tag="245" ind1=" " ind2="0">
   <subfield code="a">Poultry meat processing and quality</subfield>
  </datafield>
  <datafield tag="245" ind1=" " ind2="0">
   <subfield code="c">edited by G.C. Me</subfield>
  </datafield>
  <datafield tag="260" ind1=" " ind2=" ">
   <subfield code="a">Abington</subfield>
  </datafield>
  <datafield tag="260" ind1=" " ind2=" ">
   <subfield code="b">Woodhead Publishing Limited</subfield>
  </datafield>
  <datafield tag="260" ind1=" " ind2=" ">
   <subfield code="c">2004</subfield>
  </datafield>
  <datafield tag="520" ind1=" " ind2=" ">
   <subfield code="a">This collection provides an authoritative review of the key issues in poultry processing. Part 1 discusses good practice during production, from breeding and husbandry to slaughter, secondary processing, packaging and storage. Part 2 analyses safety issues such as the control of microbial and chemical hazards, as well as how to maintain quality through the supply chain. CONTENTS Part 1 Processing: Breeding and quality; Husbandry techniques; Stunning and slaughter; Secondary processing; Processing of turkey, geese, ducks and game birds; Packaging. Part 2 Safety and quality: Shelf life and spoilage; Refrigeration; Other preservation techniques; Controlling microbial hazards; Chemical residues; Treatment and disposal of processing waste; Maintaining meat quality during processing; Measuring quality parameters; Managing safety and quality</subfield>
  </datafield>
  <datafield tag="526" ind1=" " ind2=" ">
   <subfield code="a">Công nghệ chế biến thịt và gia cầm,Bảo quản và chế biến sản phẩm chăn nuôi,TT. Công nghệ thực phẩm (PTN)</subfield>
  </datafield>
  <datafield tag="526" ind1=" " ind2=" ">
   <subfield code="b">NS331,NNN626,NN214</subfield>
  </datafield>
  <datafield tag="650" ind1=" " ind2=" ">
   <subfield code="a">Poultry</subfield>
  </datafield>
  <datafield tag="650" ind1=" " ind2=" ">
   <subfield code="x">Processing</subfield>
  </datafield>
  <datafield tag="904" ind1=" " ind2=" ">
   <subfield code="i">Truc, H.Mai</subfield>
  </datafield>
  <datafield tag="980" ind1=" " ind2=" ">
   <subfield code="a">Trung tâm Học liệu Trường Đại học Cần Thơ</subfield>
  </datafield>
 </record>
</collection>
